000
00154nam a22000857a 4500
082
_a
001
100
_a
CBSE
245
_a
ALTERNATIVES TO HOMEWORK
942
_c
BK
999
_c
8452
_d
8452